000 00642nam a2200229 i 4500
001 C2-0275458
003 PPAK
005 20180728004245.0
008 061017s1976 nyua|||| ||||| | eng d
020 _a0486229076
040 _aPPAK
_beng
_cPPAK
_erda
082 0 4 _a779
_223
090 0 0 _a779
_bOLD
_dRLCK
245 0 0 _aOld New York in early photographs 1853 - 1901
264 1 _aNew York :
_bDover Publications ,
_c1976
300 _axvi, 228 pages :
_billustrations ;
_c30 cm
336 _2rdacontent
_atext
337 _2rdamedia
_aunmediated
338 _2rdacarrier
_avolume
650 1 0 _aPhotography, Collection.
942 _ddc
_cB
999 _c83140
_d83140